000 00854cam a22002897a 4500
003 CHAP
005 20220329141838.0
008 971208d1991 us a r 00110 eng d
010 _a74719
011 _a75691
020 _a0262570866
035 _a85259
040 _cCHAP
082 0 4 _a006.3
_bG8
100 0 0 _aGutowitz, Howard
_ced.
_951892
245 1 0 _aCellular automata theory and experiment
_c/ed. by Howard Gutowitz
260 0 _aCambridge :
_bMIT,
_c1991
300 _a483 p. :
_bilus.
590 _aBATCH-UPD
_b10
_c20130110
_lUCH01
_h1918
590 _aCONVERSION
_b10
_c20130109
_lUCH01
_h1341
650 1 4 _aRedes neuronales artificiales.
_995387
650 1 4 _aRobots.
_998140
901 _aBK
905 _aLilia Sánchez G.
942 _cLIBRO
949 _a006.3 G8
_bBC
_cLIBRO
_d33724000584447
_eLIBRO
_gI.169838
_h92516
_i85259
_si
_t$154.61
999 _c74719
_d74719